Statistics for Closest City Pairs #3

Click here to take the quiz!

General Stats

  • This quiz has been taken 8,760 times
    (8,698 since last reset)
  • The average score is 12 of 20

Answer Stats

City 1 City 2 % Correct
SydneyMelbourne
89%
PyongyangSeoul
87%
Abu DhabiDubai
86%
Los AngelesSan Diego
84%
RotterdamAmsterdam
83%
AntwerpBrussels
76%
MinskKiev
66%
San AntonioAustin
64%
GazaTel Aviv
61%
TripoliTunis
60%
RabatCasablanca
58%
Kansas CitySt Louis
58%
Las VegasLos Angeles
58%
Port-au-PrinceSanto Domingo
55%
Phnom PenhHo Chi Minh City
53%
BrazzavilleKinshasa
52%
Perth, AustraliaAdelaide
50%
ChicagoMilwaukee
47%
LouisvilleCincinnati
35%
NairobiMombasa
28%

Score Distribution

Percentile by Number Answered

Percent of People with Each Score

Your Score History

You have not taken this quiz since the last reset